[Event "Nagykanizsa 1st"]
[Site "Nagykanizsa"]
[Date "2003.11.08"]
[Round "4"]
[White "Vajda, Albert"]
[Black "Nevednichy, Vladislav"]
[Result "0-1"]
[WhiteElo "2477"]
[BlackElo "2575"]
[Annotator "Psakhis,L"]
[PlyCount "59"]
[EventDate "2003.11.05"]
[EventType "tourn"]
[EventRounds "11"]
[EventCountry "HUN"]
[EventCategory "11"]
[SourceTitle "CBM 099"]
[Source "ChessBase"]
[SourceDate "2004.03.30"]
[SourceVersion "1"]
[SourceVersionDate "2004.03.30"]
[SourceQuality "1"]

1. e4 c5 2. Nf3 d6 3. Bb5+ Nd7 4. Nc3 Ngf6 5. d4 cxd4 6. Qxd4 e5 7. Qd3 h6 8.
Nd2 (8. O-O Be7 9. Nd2 O-O 10. Bxd7 Bxd7 11. Nc4 Be6 12. Ne3 Rc8 13. Rd1 Rc5
14. b3 a6 15. Na4 Rc8 16. c4 b5 17. cxb5 axb5 18. Nc3 Nd7 {0-1 Depoorter,
E-Shchekachev,A/La Fere op 2003 (33)}) (8. Be3 Be7 9. Bc4 a6 10. a4 Qc7 11. O-O
Nc5 12. Bxc5 Qxc5 13. Nd5 Nxd5 14. Bxd5 Rb8 15. a5 Be6 16. Bxe6 fxe6 17. Nd2
O-O 18. Nc4 Rbd8 19. Qb3 Qb5 20. Qa2 Rfe8 21. Rad1 Qc6 22. Rfe1 Kh8 23. c3 Bf6
$11 {Degraeve,J-Carlhammar,M/Montpellier Masters 2003}) 8... a6 (8... Be7 $5 9.
Nc4 $140 O-O 10. Bxd7 Bxd7 $1 11. Nxd6 Qc7 12. Nf5 Bxf5 13. exf5 e4 $44 14.
Nxe4 Qe5 15. f3 Rad8 16. Qc3 Qxf5 17. O-O Nxe4 18. fxe4 Qxe4 $36 {0-1 Yudasin,
L-Kasparov,G/Ljubljana 1995/Inf 65 (33)}) 9. Bxd7+ Bxd7 10. Nc4 Be6 11. Ne3 {
Of course, the d5 square is weak but Black has reasonable chances to get
counterplay.} (11. O-O Rc8 12. Nd5 Nxd5 13. exd5 Bd7 14. Ne3 Be7 15. Re1 g6 16.
c4 b5 17. b3 O-O 18. Ba3 Qa5 19. Bb2 f5 20. f4 e4 21. Qd1 bxc4 22. Nxc4 Qb5 {
Cuartas,J-Alzate,D/Medellin La Raza 2003/The Week in Chess 468/1-0 (42)}) 11...
Rc8 12. O-O $146 (12. Bd2 Qb6 13. O-O-O $5 Qc6 14. Kb1 Be7 15. Rhe1 Bc4 16.
Nxc4 Qxc4 17. Qxc4 Rxc4 18. b3 {1/2-1/2 Godena,M-Arencibia,W/La Habana 75/(176)
1999/ (18)}) 12... Be7 13. a4 (13. Ncd5 $5 Nxd5 14. Nxd5 Bxd5 (14... O-O $5)
15. Qxd5 Rxc2 16. Qxb7 Qc8 $13) 13... O-O 14. b3 ({Worth considering} 14. a5 {
with the possible continuation} Rc5 $140 15. b4 Rxc3 16. Qxc3 Nxe4 17. Qd3 d5
18. Ba3 $5 $14) 14... Qa5 15. Bd2 Qb6 {In this kind of positions much depends
on who has better control of the d4 and d5 squares.} 16. Ne2 $6 {[%cal Ge2g3]
Wrong idea, white can't organized real attack on the kingside.} (16. a5 Qd4 $1)
({I think, that the best option was} 16. Ncd5 $5 Nxd5 17. exd5 Bd7 18. Nc4 {
with chances for a small advantage}) 16... Qc6 $1 17. Ng3 {An attempt to
launch an attack, which is easily suppressed by black.} ({After} 17. Nc3 $5 {
the assessment of the position is not quite clear.}) 17... d5 $1 18. exd5 (18.
Ngf5 $5 Rfe8) 18... Nxd5 19. Nxd5 Bxd5 20. Nf5 Bf6 $15 {[%csl Gd5,Gf6]} 21. Qg3
(21. Bb4 Rfe8) 21... Kh7 (21... Qxc2 22. Nxh6+ Kh8 23. Ng4 Qxd2 24. Rad1 $1)
22. Bb4 Rfd8 23. Rad1 $2 {A terrible move and no matter how long the rest
seems, the game was decided here.} (23. Be7 $5 Rd7 24. Bxf6 Qxf6 25. Ne3 $15)
23... Qxc2 24. Nd6 (24. Ne3 Qc6 $17) 24... Qxb3 25. Nxc8 (25. Rd3 Qxb4 26. Nxc8
Qa5 $1 $19) 25... Qxb4 {[%csl Rc8]} 26. Qe3 $6 ({Maybe, a lesser evil for
White was} 26. Rb1 $5 Qxa4 27. Nb6 Qa5 28. Nxd5 Qxd5 $19) 26... Bxg2 $1 {
Black's positional and material advantage is decisive.} 27. Rxd8 (27. Kxg2 Rxd1
28. Rxd1 Qg4+) 27... Bxf1 28. Qd2 (28. Kxf1 Qb1+ $1 29. Kg2 Qg6+) 28... Qh4 29.
Rf8 (29. Kxf1 Bxd8 30. Qd3+ Kg8 $19) 29... Bh3 $1 30. Qc2+ (30. Qc2+ e4) 0-1

[Event "RUS-ch 56th"]
[Site "Krasnoyarsk"]
[Date "2003.09.09"]
[Round "6"]
[White "Rublevsky, Sergei"]
[Black "Vorobiov, Evgeny E"]
[Result "1-0"]
[WhiteElo "2672"]
[BlackElo "2547"]
[Annotator "Psakhis,L"]
[PlyCount "41"]
[EventDate "2003.09.03"]
[EventType "swiss"]
[EventRounds "9"]
[EventCountry "RUS"]
[SourceTitle "CBM 098"]
[Source "ChessBase"]
[SourceDate "2004.02.03"]
[SourceVersion "1"]
[SourceVersionDate "2004.02.03"]
[SourceQuality "1"]

1. e4 c5 2. Nf3 d6 3. Bb5+ {Favorite move of Sergei Rublevsky.} Nd7 4. d4 Ngf6
5. O-O (5. Nc3 $5) 5... cxd4 6. Qxd4 a6 7. Bxd7+ Bxd7 8. Bg5 e6 ({Worth
considering and} 8... h6 9. Bxf6 gxf6 10. c4 e6 11. Nc3 Be7 12. Rfe1 Rc8 13. a4
Qc7 14. b3 Qc5 15. Qd2 h5 $132 {1/2-1/2 Velicka,P-Hracek,Z/CZE-ch 2000 (21)})
9. Nbd2 (9. Bxf6 Qxf6 10. Qxf6 gxf6 $11) 9... Bc6 (9... Be7 10. Nc4 Bb5 11.
Bxf6 gxf6 12. a4 Bxc4 13. Qxc4 Rc8 14. Qb3 Qc7 15. Nd4 O-O 16. Rad1 Rfd8 17.
Qh3 $36 {1-0 Maljutin,E-Shipov,S/Minsk 1993 (66)}) 10. Rad1 $146 {Rublevsky is
trying to find new ideas for white. Few months ago he played} (10. Nc4 {
but I don't see too many problems for Black and after} {I don't see too many
problems for Black and after} Bxe4 $5 11. Bxf6 Qxf6 (11... gxf6 12. Qxe4 d5 13.
Qf4 dxc4 14. Rad1 $36) 12. Qxe4 d5 13. Qe2 dxc4 14. Qxc4 Be7 $13 (14... Bd6 15.
Rad1 Rd8 16. Qa4+ Ke7 17. Qe4 Rd7 18. Rd4 $14)) (10. Bxf6 Qxf6 11. Qxf6 gxf6
12. Nd4 Bh6 $11) 10... Be7 (10... e5 11. Qd3 Be7 12. Nh4 $1 {[%cal Gh4f5]}) 11.
Nc4 O-O ({It is not easy to assess positions arising after} 11... b5 $5 12.
Bxf6 gxf6 13. Nb6 (13. Nxd6+ Bxd6 14. Qxd6 Qxd6 15. Rxd6 Bxe4 $15) 13... Rb8
14. Nd5 exd5 15. exd5 Bd7 16. Rfe1 O-O) 12. Rfe1 d5 (12... h6 13. Bxf6 Bxf6 14.
Qxd6 $16) 13. exd5 (13. Nb6 $2 dxe4 14. Nxa8 exf3 {[%csl Ra8]}) 13... Nxd5 (
13... Bxd5 $5 14. Qe3 Qc7 15. Bxf6 Bxf6 16. Nb6 Rad8 17. Nxd5 exd5 18. c3 $14)
14. Qe5 $5 Bxg5 ({Black experiences more difficulties after} 14... Bf6 15. Qg3
$36) 15. Nxg5 b5 $4 {[%mdl 8192] Terrible mistake. It looks like Black was too
happy with his position and overlooked simple White's combination. Vorobiov
had reasonable choice between} (15... Qf6 $5 16. Ne4 $14 {and}) (15... Qe7 $5 {
and White must still work hard to convert his initiative into something real.})
16. Nxe6 $1 fxe6 17. Qxe6+ Kh8 18. Qxc6 bxc4 (18... Qh4 19. g3 Qxc4 20. Qxc4
bxc4 21. Rxd5 $18) 19. Rxd5 Qb8 20. Rde5 Rd8 (20... Qxb2 $2 21. Qxa8) 21. g3
1-0

[Event "Stepanakert-A"]
[Site "Stepanakert"]
[Date "2005.10.08"]
[Round "6"]
[White "Macieja, Bartlomiej"]
[Black "Aronian, Levon"]
[Result "0-1"]
[WhiteElo "2592"]
[BlackElo "2724"]
[Annotator "Psakhis,L"]
[PlyCount "70"]
[EventDate "2005.10.02"]
[EventType "tourn"]
[EventRounds "9"]
[EventCountry "ARM"]
[EventCategory "17"]
[SourceTitle "CBM 110"]
[Source "ChessBase"]
[SourceDate "2006.01.31"]
[SourceVersion "1"]
[SourceVersionDate "2006.01.31"]
[SourceQuality "1"]

1. e4 c5 2. Nf3 d6 3. Bb5+ Nc6 4. O-O Bd7 5. Re1 Nf6 6. c3 a6 7. Bf1 Bg4 8. d3
({White could play immediately} 8. d4 cxd4 9. cxd4 d5 10. e5 Ng8 $5 11. e6 $5
Bxe6 12. Qb3 Bc8 13. Nc3 Nf6 14. Bg5 Na5 15. Qa4+ Bd7 (15... b5 $2 {was losing
to} 16. Bxb5+ $1) 16. Qd1 Bg4 $132 (16... Bg4 17. h3 Bxf3 18. Qxf3 e6 19. Bxf6
Qxf6 20. Qxd5 Bb4 21. Qe4 O-O {and Black has completed his development without
serious concessions, Kornev - Kharlov, RUS-ch Qualifier Tomsk 2004.})) 8... e6
(8... g6 {In modern practice Black meets troubles after} 9. Nbd2 Bg7 (9... Bh6
10. h3 Bxf3 11. Nxf3 Bxc1 12. Qxc1 e5 13. Qh6 Nd7 14. Nd2 $146 {/\
Sd2-c4-e3-d5, f2-f4-f5} Qe7 (14... b5 15. a4) 15. Nc4 {Although the position
is more or less balanced, White seems to have the easier play.} b5 16. Ne3 Qf8
17. Qh4 Qe7 18. Qg3 O-O 19. Be2 Kh8 20. f4 $14 {1-0 Bologan,V (2630)-Halkias,S
(2520)/Moscow Aeroflot-op 2003/ [Psakhis] (46)}) 10. h3 Bxf3 11. Nxf3 O-O 12.
Bg5 Nd7 13. Qd2 Nde5 14. Nh2 $1 b5 15. Rad1 Qb6 16. Kh1 Nd7 17. Bh6 $1 Bxh6 18.
Qxh6 b4 19. Nf3 Rfc8 20. d4 bxc3 21. bxc3 cxd4 22. cxd4 $16 {1-0 Glek,I (2551)
-Mamedyarov,S (2607)/Silivri 88/169 2003//[Glek,I] (42)}) 9. h3 Bh5 {As
practice has sufficiently shown, Black doesn't experience any serious problems
in this line.} 10. g4 {Sometimes White delay this move - but not for a long
time!} (10. Nbd2 Be7 11. g4 Bg6 12. Nh4 Nd7 13. Nxg6 hxg6 14. f4 {and now
black has choice between at least three interesting moves:} ({Chances are
equal in the case of} 14. Nf3 Nde5 15. Nxe5 dxe5 16. Be3 O-O 17. a3 b6 18. Qd2
Qc7 19. b4 Rad8 20. Qa2 Rd7 21. Rab1 Rc8 22. bxc5 Bxc5 23. Bxc5 bxc5 $11 {
[%csl Rf1] 0-1 Miljutin,O-Ovsijevitsch,S/Alushta op 2000 (35)}) 14... Bh4 (
14... e5 15. f5 Bg5 16. Nc4 Bxc1 17. Rxc1 Nb6 18. Ne3 gxf5 ({I would prefer} 
18... g5 $5 {keeping position close.}) 19. exf5 d5 20. Bg2 Kf8 $13 {1-0
Zvjaginsev,V-Xu Jun/RUS-CHN m Moscow 2004/CBM 103/[Psakhis] (30)}) (14... g5 $5
15. f5 Nde5 16. Nf3 Bf6 17. Be3 b5 18. a3 Rc8 19. Rc1 O-O 20. Nh2 Re8 21. b3
Nd7 22. Nf3 d5 23. fxe6 fxe6 24. exd5 exd5 25. d4 $14 {1/2-1/2 Lipka,
J-Shaposhnikov,E/Pardubice KB op 2003/ (45)}) 15. Re2 g5 {The best way is
actually} 16. f5 $5 {keeping the position more closed but leaving Black with
his bishop on h4} Nde5 (16... Bg3 {could be met by} 17. fxe6 fxe6 18. Qb3 Rh6
19. Nf3 {with a good play for White '+/=' Ftacnik. 'with a good play for White'
}) 17. Re3 O-O 18. Bg2 b5 19. Nf3 Nxf3+ 20. Rxf3 b4 21. Be3 $15 {1/2-1/2
Potkin,V-Timoshenko,G/Ismailia 2nd Misr Closed 2004/(35) 0-1}) 10... Bg6 11.
Nh4 Qc7 $5 $146 {This is an interesting way to solve the opening problems!} ({
White couldn't get real advantage and after} 11... Nd7 12. Nxg6 (12. Ng2 e5 13.
Na3 Be7 14. Nc4 h5 15. Nce3 hxg4 16. hxg4 Bg5 17. Nd5 Bxc1 18. Rxc1 Kf8 19. Qf3
Qg5 20. Nge3 Ne7 21. Nxe7 {1/2-1/2 Rublevsky,S (2649)-Khalifman,A (2669)/ECC
t-ch Izmir 2004/The Week in Chess 518}) 12... hxg6 13. d4 cxd4 14. cxd4 e5 15.
d5 Nd4 16. Be3 Be7 17. Bxd4 exd4 18. Qxd4 g5 19. Nd2 Ne5 20. Re3 Rc8 21. Qb4
Qd7 22. Rc3 O-O 23. Rac1 Bf6 24. Kg2 Ng6 25. Rc4 Rxc4 26. Rxc4 {Maljutin,
E-Timoshenko,G/Oberwart op 1994/ChessBase/0-1 (58)}) ({Worth considering and
sharp} 11... d5 $1 {but this move needs further investigations} 12. g5 Bh5 13.
Qb3 c4 (13... Na5 14. Qa4+ b5 15. Qc2 $18) 14. dxc4 Nxe4 $146 ({White failed
to get any advantage and after} 14... dxc4 $5 {for example:} 15. Qxc4 (15. Bxc4
$2 Na5 16. Qc2 Nxc4 17. gxf6 Qxf6 $17) 15... Nd7 16. Qd3 h6 $1 (16... Be7 17.
f4 h6 18. Qg3 hxg5 19. fxg5 Nde5 $44) 17. Qg3 Nde5 (17... Be7 $5) 18. f4 hxg5
19. fxg5 Bd6 (19... Bg4 $5 20. hxg4 $140 Rxh4 $36) 20. Bf4 Qb6+ (20... Qc7 $15)
21. Kh1 Qxb2 (21... Bc5 22. Be3 (22. Bxe5 Bf2 $19) 22... Bxe3 (22... Qxb2 23.
Bxc5 Qxa1 24. Qf2 $13) 23. Qxe3 Qxe3 (23... Qxb2 24. Nd2) 24. Rxe3 Bg4 $1 $17)
22. Nd2 Qb6 $17 {0-1 Sutovsky,E (2652)-Rechlis,G (2501)/Israel 2003}) 15. cxd5
(15. Qxb7 $4 Na5 $19) 15... Nc5 16. Qc2 Qxd5 17. b4 (17. Bg2 Qd3 $1) 17... Nd7
18. Bg2 Qd6 19. Qe4 $1 (19. Nf5 Qc7 {[%cal Gh5g6]}) 19... Qe5 (19... Qc7 20.
Bf4 Qd8 21. Nd2 Be7 22. Ndf3 O-O 23. Rad1 $14) (19... Be7 $6 20. Bf4 $16) 20.
Bf4 Qxe4 21. Bxe4 h6 $1 $11 {1/2-1/2 Iordachescu,V (2634)-Movsesian,S (2639)/
Bermuda 2004/[Iordachescu,Psakhis] (29)}) 12. f4 O-O-O {[%mdl 2112]} 13. Nd2 {
Trying to avoid the complications arising after} (13. f5 d5 $8 14. Ng2 (14.
exd5 Qg3+ 15. Bg2 (15. Ng2 Nxd5 16. fxg6 $140 hxg6 {[%cal Gf8d6,Rh8h3]} 17. c4
Nd4 $1 18. cxd5 Nf3+ 19. Qxf3 Qxf3 20. dxe6 fxe6 $19) 15... Nxd5 16. fxg6 hxg6
17. Nf3 Rxh3 $132) 14... dxe4 15. fxg6 hxg6 16. g5 Rxh3 (16... Nd5 17. dxe4
Rxh3 {[%csl Rg1]}) 17. Bf4 (17. gxf6 Qh2+ 18. Kf2 Rf3+ $19) (17. Nf4 Rg3+)
17... Bd6 18. gxf6 Bxf4 19. Nxf4 Rh4 20. Rxe4 gxf6 $5 $40) 13... d5 $5 14. e5
Nd7 15. Ndf3 (15. f5 $2 exf5 16. gxf5 Be7 $1 $40) 15... Be7 {A critical
position of the variation, since it is the end of series of more or less
forced moves.} 16. Bg2 (16. Qe2 $5) 16... Kb8 (16... c4 $140 $5 {[%csl Gg6]})
17. Be3 f6 $1 {White has got nothing from the opening: Black's pieces are well
developed and coordinated.} 18. Nxg6 (18. f5 exf5 19. exf6 gxf6 (19... Bxf6 $5
20. Nxf5 h5 {[%csl Rg1]}) 20. Nxf5 Bxf5 21. gxf5 Rhg8 22. Kh1 Qg3 $40) 18...
hxg6 19. d4 cxd4 20. cxd4 (20. Nxd4 $5) 20... f5 21. g5 Rc8 $13 22. Re2 Na5 23.
Rc1 (23. Bd2 Qb6) 23... Qb6 24. Rxc8+ (24. Rec2 $142 Nc4 $140 25. Qe2) 24...
Rxc8 25. Rc2 Nc4 26. Bc1 Rc6 {The position is about equal, but white fails to
find a correct plan and is being outplayed move by move.} 27. Bf1 Na5 28. Kf2 (
28. Rxc6 Nxc6 29. a3 Na5 30. Bd3 $11) 28... Bd8 29. Be3 Nc4 30. Bxc4 (30. Bc1
Na5 $11) 30... Rxc4 31. Rxc4 dxc4 32. d5 $2 {A serious error that ruins the
game.} (32. b3 $1 cxb3 33. Qxb3 Qxb3 34. axb3 Kc7 35. Bd2 {[%cal Rf3h4]} Be7 $8
$11) 32... Qxb2+ 33. Kg3 Bb6 $1 {After this move there is no doubt about
Black's overwhelming advantage.} 34. Bxb6 ({The lesser evil for White was} 34.
Qg1 Bxe3 35. Qxe3 Qb6 36. Qxb6 Nxb6 37. dxe6 Nd5 $17) (34. Bd4 c3 $5 (34...
Bxd4 35. Qxd4 Qxd4 36. Nxd4 exd5 37. e6 Nc5 38. e7 Ne4+ 39. Kf3 Nd6 $19) 35.
dxe6 Nc5 $1 {[%cal Rc5e4]} (35... c2 36. Qe2 Bxd4 37. exd7 Bb6 (37... Kc7 38.
Qc4+) 38. e6 c1=Q 39. e7 Qxe2 40. e8=Q+ Qxe8 41. dxe8=Q+ Ka7 $19) 36. Kh4 Nxe6
37. Bxb6 Qxb6 $19) 34... Qxb6 35. Qa4 ({There wasn't a rescue in} 35. dxe6 Nc5
$5 36. Qd4 Ne4+ 37. Kg2 Qxe6 38. Qd8+ Qc8 $19) 35... Nc5 $1 0-1